Statistiques concernant Culture Générale - Série 1736

Cliquez ici pour prendre le quiz!

Statistiques générales

  • Ce quiz a été pris 126 fois
  • Le résultat moyen est 7 sur 10

Statistiques - réponses

QuestionRéponse% Correct
Qui a dit, lors de la libération de Paris : « Paris outragé ! Paris brisé ! Paris martyrisé ! Mais Paris libéré ! » ?Charles de Gaulle
94%
Sur l'ancien drapeau de l'Union soviétique, les outils représentés étaient : marteau et ...faucille
91%
Quelle île des Caraïbes l'Union soviétique voulait-elle utiliser comme base nucléaire, ce qui déclencha une crise majeure en 1962, en pleine période de Guerre froide ?Cuba
82%
Quelle légendaire île engloutie fut mentionnée pour la première fois dans les œuvres de Platon ?Atlantide
77%
Qui a conçu les jardins du château de Versailles ?André Le Nôtre
76%
Quelle marque d'ordinateur fit son entrée sur le marché en 1976, avec une machine vendue 666,66 $ ?Apple
64%
Qui Dominique Strauss-Kahn a-t-il épousé en 1991 ?Anne Sinclair
61%
Quelle période a suivi le Premier Empire ?Restauration
52%
Quels rois de France ont été injustement qualifiés de « fainéants » ?Mérovingiens
51%
Comment appelle-t-on le pupitre sur lequel on met les livres de chant, à l'église ?lutrin
18%

Distribution des résultats

Percentile par nombre de réponses

% des personnes avec chaque résultat

Votre développement - résultats

Vous n’avez pas pris ce quiz